[Event "DVM U20w 2009"]
[Site "Chemnitz GER"]
[Date "2009.12.29"]
[Round "5"]
[White "Wilke, Tabea"]
[Black "Rogasch, Miriam"]
[Result "0-1"]
[Termination "normal"]
[Board "7.1"]
[WhiteElo "911"]
[BlackElo "1911"]
[WhiteTeam "SC 1979 Hattersheim"]
[BlackTeam "SV Gryps"]
[PlyCount "118"]
[WhiteFideId "12910015"]
[BlackFideId "4616324"]
[EventCountry "GER"]
[EventRounds "7"]
[EventType "team-swiss"]
[EventDate "2009.12.26"]

1. e4 e5 2. Nf3 Nc6 3. Bb5 a6 4. Ba4 Nf6 5. d3 b5 6. Bb3 Bc5 7. O-O O-O 8. c3
d6 9. d4 Ba7 10. Re1 Bg4 11. Nbd2 exd4 12. Nf1 dxc3 13. bxc3 Ne5 14. Be3 c5 15.
Bc2 Nfd7 16. Ng3 Qf6 17. Nf5 Nxf3+ 18. gxf3 Bxf5 19. exf5 Ne5 20. Kh1 Nc4 21.
Bc1 Rae8 22. Rg1 Kh8 23. Bg5 Qxc3 24. f6 gxf6 25. Bh6 Rg8 26. Rxg8+ Rxg8 27.
Rc1 Nb2 28. Qe2 Qe5 29. Qf1 c4 30. Re1 Qc3 31. Qe2 Nd3 32. Bxd3 Qxd3 33. Qxd3
cxd3 34. Re7 Bxf2 35. h4 Bxh4 36. Be3 Bg5 37. f4 Bh4 38. Bd2 d5 39. Rd7 Re8 40.
Rxd5 Be1 41. Rxd3 Bxd2 42. Rxd2 Kg7 43. Rg2+ Kf8 44. Rd2 a5 45. Rd5 Rb8 46. a4
b4 47. Rxa5 b3 48. Rb5 Rxb5 49. axb5 b2 50. Kg2 b1=Q 51. b6 Qxb6 52. f5 Qe3 53.
Kf1 Qd2 54. Kg1 Kg7 55. Kf1 Kh6 56. Kg1 Kg5 57. Kh1 Kg4 58. Kg1 Kg3 59. Kf1
Qf2# 0-1

[Event "DVM U20w 2009"]
[Site "Chemnitz GER"]
[Date "2009.12.29"]
[Round "5"]
[White "Hartmann, Elisa"]
[Black "Mitze, Teresa"]
[Result "1-0"]
[Termination "normal"]
[Board "7.2"]
[WhiteElo "1732"]
[BlackElo "767"]
[WhiteTeam "SV Gryps"]
[BlackTeam "SC 1979 Hattersheim"]
[PlyCount "91"]
[WhiteFideId "4616235"]
[EventCountry "GER"]
[EventRounds "7"]
[EventType "team-swiss"]
[EventDate "2009.12.26"]

1. e4 e5 2. Nf3 Nc6 3. Bc4 Nf6 4. Ng5 d5 5. exd5 Nxd5 6. Nxf7 Kxf7 7. Qf3+ Ke7
8. Bxd5 Kd7 9. Bxc6+ bxc6 10. Nc3 Ba6 11. Qg4+ Ke8 12. Qe6+ Qe7 13. Qxc6+ Qd7
14. Qxa8+ Qc8 15. Qxc8+ Bxc8 16. O-O Bb4 17. Nd5 Ba6 18. Nxb4 Bxf1 19. Kxf1 Rf8
20. d3 h6 21. Be3 a5 22. Nd5 c6 23. Bc5 Rf7 24. Ne3 Kd7 25. Nc4 Ke6 26. Re1 Rf5
27. Rxe5+ Rxe5 28. Nxe5 Kxe5 29. Ke2 g5 30. Ke3 h5 31. c4 g4 32. d4+ Kf5 33. d5
cxd5 34. cxd5 Ke5 35. d6 Ke6 36. b4 axb4 37. Bxb4 Kd7 38. a4 Kc6 39. a5 Kb7 40.
a6+ Kxa6 41. d7 Kb5 42. d8=Q Kxb4 43. Qc7 Kb5 44. Kd4 Ka6 45. Kc5 h4 46. Qb6#
1-0